Un ange parmi les hommes,M.Pokora - paroles - Statistiques

Statistiques générales
  • Ce quiz a été pris 12 fois
  • Le résultat moyen est 215 sur 275
Statistiques - réponses
Paroles % Correct
a
100%
es
100%
l
100%
le
100%
Le
100%
n
100%
s
100%
t
100%
un
100%
ai
88%
ange
88%
c
88%
de
88%
dit
88%
est
88%
et
88%
Et
88%
hommes
88%
Je
88%
je
88%
les
88%
m
88%
m'
88%
ma
88%
me
88%
mentir
88%
mes
88%
Mes
88%
ne
88%
parmi
88%
peut
88%
peux
88%
plus
88%
pour
88%
qu
88%
Qu
88%
que
88%
sur
88%
toi
88%
Toi
88%
tu
88%
Tu
88%
une
88%
au
75%
beaux
75%
coup
75%
dans
75%
Dans
75%
debout
75%
doute
75%
envie
75%
fuir
75%
jamais
75%
la
75%
75%
lèvres
75%
lire
75%
mais
75%
on
75%
ou
75%
pas
75%
pourrait
75%
prières
75%
reste
75%
rêves
75%
sais
75%
sentiments
75%
seul
75%
Seulement
75%
seulement
75%
sourire
75%
te
75%
Terre
75%
tiendrai
75%
ton
75%
vie
75%
y
75%
abri
63%
allié
63%
appui
63%
arriver
63%
aura
63%
besoin
63%
bouclier
63%
bout
63%
Car
63%
chercher
63%
ciel
63%
cœur
63%
coeur
63%
doit
63%
élèves
63%
ensemble
63%
entière
63%
épaules
63%
fou
63%
guides
63%
immense
63%
jusqu
63%
liés
63%
maintenant
63%
même
63%
mère
63%
misère
63%
offrir
63%
orages
63%
oublié
63%
perdre
63%
pire
63%
poings
63%
Prends
63%
prends
63%
Quand
63%
sang
63%
serai
63%
seras
63%
Si
63%
si
63%
tant
63%
toujours
63%
traité
63%
trêve
63%
aurais
50%
mon
50%
n'aurai
50%
oubliera
50%
sort
50%
tombe
50%
tombes
50%
viennent
50%
écris
38%
doiutes
0%
Aucun quiz correspondant
Distribution des résultats
% des personnes avec chaque résultat
Percentile par nombre de réponses
Votre historique - résultats
Vous n’avez pas pris ce quiz